000 00236nam a22000857a 4500
008 160630b xxu||||| |||| 00| 0 eng d
100 _91612
_a Devi, S
245 _aFiguring; The Joy of Numbers
260 _aNew Delhi
_bOrient Publications
_c2004
999 _c1336
_d1336